|
|
|
|
| LEADER |
00000nam#a22000001ab4500 |
| 001 |
00023630 |
| 003 |
AR-BaUAD |
| 005 |
20230908140830.0 |
| 008 |
940713s1975####ag#||||##||||||||#||spa|d |
| 020 |
|
|
|a No posee
|
| 040 |
|
|
|a AR-BaUAD
|b spa
|c AR-BaUAD
|
| 041 |
|
|
|a spa
|
| 044 |
|
|
|c ar
|2 ISO3166-1
|
| 100 |
1 |
|
|a Derisi, Octavio N.
|
| 245 |
1 |
0 |
|a Esencia y ámbito de la cultura
|
| 260 |
|
|
|a Buenos Aires :
|b Columba,
|c 1975
|
| 300 |
|
|
|a 72 p.
|
| 490 |
|
|
|a Colección Esquemas ;
|v 117
|
| 653 |
|
|
|a SOCIOLOGIA
|
| 653 |
|
|
|a CULTURA
|
| 655 |
|
|
|a TEXTO
|
| 852 |
|
|
|c 36-4
|
| 952 |
|
|
|0 0
|1 0
|4 0
|6 364
|7 0
|9 16280
|a AR-BaUAD
|b AR-BaUAD
|d 0000-00-00
|e donac. COFADU
|g 1.00
|i 23630
|l 0
|o 36-4
|p gu9w223630
|r 2023-09-08 14:08:30
|w 2023-09-08
|y BK
|
| 990 |
|
|
|a Ej. No1 : 23630 . 11/2/1993 -- donac. COFADU -- (1 pesos).
|b ADM
|
| 990 |
|
|
|a S197
|b TD
|
| 990 |
|
|
|a AAQ00023630
|b CC
|
| 998 |
|
|
|a AAQ
|b Bibun 76
|
| 942 |
|
|
|c BK
|
| 999 |
|
|
|c 6907
|d 6907
|